Social and economic character of unemployment in Philadelphia, April, 1929, (Record no. 35992)

MARC details
000 -LEADER
fixed length control field 00811cam a22002411 4500
001 - CONTROL NUMBER
control field l 30000161
003 - CONTROL NUMBER IDENTIFIER
control field DLC
005 - DATE AND TIME OF LATEST TRANSACTION
control field 20260227111533.0
008 - FIXED-LENGTH DATA ELEMENTS--GENERAL INFORMATION
fixed length control field 830613s1930 dcuab 000 0 eng
010 ## - LIBRARY OF CONGRESS CONTROL NUMBER
LC control number l 30000161
035 ## - SYSTEM CONTROL NUMBER
System control number (OCoLC)16744730
040 ## - CATALOGING SOURCE
Original cataloging agency DLC
Transcribing agency OrPS
Modifying agency OCoLC
-- DLC
042 ## - AUTHENTICATION CODE
Authentication code premarc
043 ## - GEOGRAPHIC AREA CODE
Geographic area code n-us-pa
050 00 - LIBRARY OF CONGRESS CALL NUMBER
Classification number HD8051
Item number .A62 no. 520
100 1# - MAIN ENTRY--PERSONAL NAME
Personal name Dewhurst, James Frederic,
Dates associated with a name 1895-1967,
245 10 - TITLE STATEMENT
Title Social and economic character of unemployment in Philadelphia, April, 1929,
260 ## - PUBLICATION, DISTRIBUTION, ETC.
Place of publication, distribution, etc. Washington,
Name of publisher, distributor, etc. U.S. Govt. print. off.,
Date of publication, distribution, etc. 1930.
300 ## - PHYSICAL DESCRIPTION
Extent vi, 51 p.
Other physical details incl. tables, maps, diagr.
Dimensions 23 cm.
650 #0 - SUBJECT ADDED ENTRY--TOPICAL TERM
Topical term or geographic name entry element Unemployed
Geographic subdivision Pennsylvania
-- Philadelphia.
700 1# - ADDED ENTRY--PERSONAL NAME
Personal name Tupper, Ernest Allen,
Dates associated with a name 1902-
Relator term joint author.
710 2# - ADDED ENTRY--CORPORATE NAME
Corporate name or jurisdiction name as entry element Wharton School.
Subordinate unit Industrial Research Department.

No items available.

Powered by Koha